000 00406nam a22001457a 4500
008 250524b |||||||| |||| 00| 0 eng d
020 _a9789352692002
050 _aTN870
_b.W33
100 _aWadekar, Ashok G.
245 _aModern petroleum technology
260 _aNew delhi
_bRandom publications
_c2019
300 _avii, 284p.
_bill.
650 _apetroleum engineering
_vpetroleum refining
942 _cBK
999 _c3662
_d3662